[Event "Sochi Tseshkovsky Memorial op"]
[Site "Sochi"]
[Date "2014.09.20"]
[Round "4"]
[White "Dmitrenko, Viktor"]
[Black "Puchko, Nikolay"]
[Result "1-0"]
[WhiteElo "2357"]
[BlackElo "1885"]
[PlyCount "93"]
[EventDate "2014.09.17"]
[EventType "swiss"]
[EventRounds "9"]
[EventCountry "RUS"]
[SourceTitle "CBM 162 Extra"]
[Source "ChessBase"]
[SourceDate "2014.10.17"]
[SourceVersion "1"]
[SourceVersionDate "2014.10.17"]
[SourceQuality "1"]

1. Nf3 c5 2. b3 d5 3. e3 a6 4. Bb2 Nc6 5. d4 Bg4 6. a3 cxd4 7. exd4 e6 8. Nbd2 Nf6 9. Bd3 Be7 10. 0-0 0-0 11. Qb1 Ne4 12. Nxe4 Bxf3 13. Ng3 Be4 14. Nxe4 dxe4 15. Bxe4 f5 16. Bxc6 bxc6 17. Qe1 Rf6 18. Qe2 f4 19. Qf3 Bd6 20. d5 Rh6 21. dxe6 Qh4 22. h3 Re8 23. Rfe1 Rhxe6 24. Rxe6 Rxe6 25. Qxc6 Qe7 26. Qxa6 Kf7 27. Qd3 Qg5 28. Rd1 Bc5 29. b4 Rd6 30. Qc4+ Ke7 31. Re1+ Be3 32. fxe3 Qg3 33. Qe4+ Re6 34. Qb7+ Ke8 35. Qb8+ Ke7 36. Rf1 Qxe3+ 37. Kh1 g5 38. Qb7+ Ke8 39. Qf3 Qb6 40. Qh5+ Rg6 41. Qxh7 Qe6 42. Qh8+ Kf7 43. Qe5 Qd7 44. c4 Kf8 45. Qh8+ Rg8 46. Qf6+ Qf7 47. c5 1-0

[Event "Sochi Tseshkovsky Memorial op"]
[Site "Sochi"]
[Date "2014.09.19"]
[Round "3"]
[White "Puchko, Nikolay"]
[Black "Vishnjakova, Svetlana"]
[Result "1-0"]
[WhiteElo "1885"]
[BlackElo "2123"]
[PlyCount "45"]
[EventDate "2014.09.17"]
[EventType "swiss"]
[EventRounds "9"]
[EventCountry "RUS"]
[SourceTitle "CBM 162 Extra"]
[Source "ChessBase"]
[SourceDate "2014.10.17"]
[SourceVersion "1"]
[SourceVersionDate "2014.10.17"]
[SourceQuality "1"]

1. e4 d5 2. exd5 Nf6 3. Nf3 Nxd5 4. d4 g6 5. h3 Bg7 6. c4 Nb6 7. Nc3 0-0 8. Be3 Nc6 9. Qd2 e5 10. d5 Ne7 11. g4 f5 12. 0-0-0 fxg4 13. Ng5 Nf5 14. hxg4 Nxe3 15. Qxe3 Bxg4 16. Rxh7 Bxd1 17. Rxg7+ Kxg7 18. Ne6+ Kh7 19. Nxd8 Bg4 20. Ne6 Rf5 21. Qg3 Bh5 22. Bd3 Rf3 23. Ng5+ 1-0

[Event "Malaya Zemlya op"]
[Site "Novorossiysk"]
[Date "2014.07.16"]
[Round "8"]
[White "Puchko, Nikolay"]
[Black "Gasanov, Zaur"]
[Result "1-0"]
[WhiteElo "1863"]
[BlackElo "1797"]
[PlyCount "51"]
[EventDate "2014.07.08"]
[EventType "swiss"]
[EventRounds "9"]
[EventCountry "RUS"]
[SourceTitle "CBM 161 Extra"]
[Source "ChessBase"]
[SourceDate "2014.08.29"]
[SourceVersion "1"]
[SourceVersionDate "2014.08.29"]
[SourceQuality "1"]

1. e4 c5 2. a3 e6 3. b4 cxb4 4. axb4 Bxb4 5. Bb2 Nf6 6. e5 Nd5 7. c4 Nb6 8. Ra3 Bxa3 9. Bxa3 d5 10. Qg4 Rg8 11. Nc3 Nc6 12. Nf3 Nd7 13. Qh5 Nf8 14. Nb5 g6 15. Qg4 Qa5 16. Qg5 a6 17. Nfd4 Qd8 18. Nd6+ Kd7 19. Qf4 Nxd4 20. Qxd4 Qa5 21. Bc5 Kc6 22. Bb4 Qa2 23. Nxc8 Kc7 24. Qb6+ Kd7 25. Qxb7+ Kd8 26. Be7+ 1-0

[Event "EU-ch U14 23rd"]
[Site "Budva"]
[Date "2013.10.07"]
[Round "8"]
[White "Abishli, Oghuz Vagif"]
[Black "Puchko, Nikolay"]
[Result "1/2-1/2"]
[WhiteElo "1922"]
[BlackElo "1794"]
[PlyCount "103"]
[EventDate "2013.09.29"]
[EventType "swiss"]
[EventRounds "9"]
[EventCountry "MNE"]
[SourceTitle "EXT 2014"]
[Source "ChessBase"]
[SourceDate "2013.11.20"]
[SourceVersion "1"]
[SourceVersionDate "2013.11.20"]
[SourceQuality "1"]

1. d4 d5 2. Nf3 e6 3. c4 c6 4. e3 f5 5. Bd3 Nf6 6. 0-0 Bd6 7. b3 0-0 8. Ba3 Bxa3 9. Nxa3 Qe7 10. Nc2 Nbd7 11. Nd2 b6 12. f3 Bb7 13. Qe2 c5 14. cxd5 Nxd5 15. Bc4 Kh8 16. e4 Nf4 17. Qe3 Qg5 18. g3 Nh3+ 19. Kg2 f4 20. Qe1 Qh6 21. g4 e5 22. d5 a6 23. a4 Rfe8 24. Rh1 Nf8 25. Kf1 Bc8 26. Ke2 Bd7 27. Qf1 b5 28. Bd3 Reb8 29. Qg2 Qh4 30. axb5 axb5 31. Rxa8 Rxa8 32. Ra1 Rxa1 33. Nxa1 h5 34. gxh5 Qxh5 35. Nc2 Ng6 36. Kd1 Ng5 37. Be2 Nh4 38. Qf2 c4 39. bxc4 bxc4 40. Nxc4 Nhxf3 41. h4 Qxh4 42. Qxh4+ Nxh4 43. Nxe5 Bh3 44. d6 Nxe4 45. d7 Bxd7 46. Nxd7 Nc3+ 47. Kd2 Nxe2 48. Kxe2 g5 49. Ne5 Kg7 50. Nf3 Kg6 51. Ncd4 Ng2 52. Nxg5 1/2-1/2

[Event "EU-ch U14 23rd"]
[Site "Budva"]
[Date "2013.10.01"]
[Round "3"]
[White "Bratkovic, Jakob"]
[Black "Puchko, Nikolay"]
[Result "1/2-1/2"]
[WhiteElo "1976"]
[BlackElo "1794"]
[PlyCount "91"]
[EventDate "2013.09.29"]
[EventType "swiss"]
[EventRounds "9"]
[EventCountry "MNE"]
[SourceTitle "EXT 2014"]
[Source "ChessBase"]
[SourceDate "2013.11.20"]
[SourceVersion "1"]
[SourceVersionDate "2013.11.20"]
[SourceQuality "1"]

1. e4 c5 2. Nf3 Nc6 3. d4 cxd4 4. Nxd4 Qc7 5. Nc3 e6 6. Be3 a6 7. Be2 Nf6 8. 0-0 Be7 9. f4 d6 10. Qe1 0-0 11. Qg3 Nxd4 12. Bxd4 b5 13. a3 Bb7 14. Rae1 d5 15. exd5 Bc5 16. Bxc5 Qxc5+ 17. Qf2 Qxf2+ 18. Rxf2 Nxd5 19. Bf3 Rab8 20. Nxd5 Bxd5 21. Bxd5 exd5 22. c3 Rbd8 23. Rd2 Rd7 24. Rd4 g6 25. Re5 Rfd8 26. Kf2 Kf8 27. Kf3 f6 28. Re6 Rd6 29. Rxd6 Rxd6 30. g3 Ke7 31. Rd2 Ke6 32. Re2+ Kd7 33. Rd2 Ke6 34. Ke3 Rc6 35. Kd3 Kd6 36. Re2 Rc8 37. Re1 Rd8 38. Kd4 Rc8 39. b3 a5 40. Kd3 Rb8 41. Rb1 Rb7 42. Kd4 Re7 43. Kd3 Rb7 44. Rb2 Rb8 45. h3 h5 46. Rb1 1/2-1/2

[Event "Krasnodar Region-ch"]
[Site "Krasnodar"]
[Date "2012.10.02"]
[Round "1"]
[White "Zakaryan, David"]
[Black "Puchko, Nikolay"]
[Result "1-0"]
[WhiteElo "2126"]
[BlackElo "1753"]
[PlyCount "51"]
[EventDate "2012.10.02"]
[EventType "swiss"]
[EventRounds "9"]
[EventCountry "RUS"]
[SourceTitle "EXT 2013"]
[Source "ChessBase"]
[SourceDate "2012.11.22"]
[SourceVersion "1"]
[SourceVersionDate "2012.11.22"]
[SourceQuality "1"]

1. e4 c5 2. Nf3 Nc6 3. d4 cxd4 4. Nxd4 Qc7 5. c4 Qe5 6. Be3 Qxe4 7. Nc3 Qe5 8. Be2 Nf6 9. Qd2 Nxd4 10. Qxd4 Qxd4 11. Bxd4 a6 12. Bf3 d6 13. 0-0-0 e5 14. Bb6 Be7 15. Bc7 Kd7 16. Bxd6 Bxd6 17. c5 Ke7 18. cxd6+ Kf8 19. Rhe1 g6 20. Rxe5 Rb8 21. Re7 Ne8 22. d7 Kxe7 23. d8Q+ Ke6 24. Re1+ Kf5 25. Qd5+ Kf6 26. Qe5# 1-0